<La> libre échange et la protection dans la politique commerciale diplomová práca

Salvato in:
Dettagli Bibliografici
Autore principale: Gáletová, Ivana
Ente Autore: Ekonomická univerzita v Bratislave. Ústav medzinárodných programov
Altri autori: Přívara, Andrej, 1983-
Natura: Libro
Lingua:francese
Pubblicazione: Bratislava 2012
Tags: Aggiungi Tag
Nessun Tag, puoi essere il primo ad aggiungerne!!

MARC

LEADER 00000nam$a2200000$$$4500
001 0157539
005 20240318114937.0
041 0 |a fre 
044 |a SK 
245 1 0 |a <La> libre échange et la protection dans la politique commerciale  |b diplomová práca  |c Ivana Gáletová ; školiteľ: Andrej Přívara 
264 1 |a Bratislava  |c 2012 
300 |a 56 s. 
100 1 |a Gáletová, Ivana 
700 1 |a Přívara, Andrej, 1983- 
710 2 |a Ekonomická univerzita v Bratislave. Ústav medzinárodných programov